000 00625nam a2200277Ia 4500
005 20260401122407.0
008 008 250103s9999 xx 000 0 eng d
020 _a820703001
037 _aTB
040 _aEDL
040 _beng
040 _cEDL
041 _2eng
041 _aeng
084 _a820.9 CHE
084 _qEDL
245 0 _aVoicing Women: Gender and Sexuality in Early Modern Writing
260 _aPittsburgh
260 _bDuquesne University Press
260 _c1998
300 _a200p
942 _cTB
942 _h820.9 CHE
999 _c1846983
_d1846983